Państwa okupacyjne i kontrolowane przez władze ZSRR (Europa - Statystyki

Ogólne statystyki
  • Ten quiz został rozwiązany 2 304 razy
  • Średni wynik to 21 z 22
Statystyki odpowiedzi
Kraj po II WŚ Odpowiednik po roku 1989 % Poprawnych
PRL Polska
99%
Czechosłowacja Czechy
98%
Rumuńska RL Rumunia
98%
Albańska RL Albania
97%
Bułgarska RL Bułgaria
97%
ZSRR Estonia
97%
ZSRR Litwa
97%
ZSRR Łotwa
97%
NRD Niemcy
97%
Czechosłowacja Słowacja
97%
ZSRR Ukraina
97%
Węgierska RL Węgry
97%
ZSRR Białoruś
96%
Jugosławia Chorwacja
94%
Jugosławia Serbia
94%
Jugosławia Bośnia i Hercegowina
91%
Jugosławia Kosowo
91%
Jugosławia Słowenia
90%
Jugosławia Czarnogóra
89%
Jugosławia Macedonia
88%
ZSRR Mołdawia
85%
ZSRR Rosja
80%
Nie znaleziono quizów pasujących do podanych kryteriów
Rozkład punktacji
Procent ludzi z każdym wynikiem
Percentyl według liczby udzielonych odpowiedzi
Twoja historia wyników
Nie rozwiązałeś tego quizu